000 00571nam a22001937a 4500
003 OSt
005 20250710040506.0
008 250710b |||||||| |||| 00| 0 eng d
040 _aDWCL -Main lib
_cOC
082 _aFil. 332.6 B188i 2009
100 _aBallada, Win
245 _a Investment mathematics :
_bmade easy/
_cWin Ballada
250 _a3rd edition.
260 _a Manila :
_bDomDane Publishers,
_cc2009.
300 _ax, various pagings ;
_c26 cm.
650 _a1. Investments.
700 _aSusan Ballada
942 _2ddc
_cBK - FIL
_e3rd edition.
_kFil.
_n0
999 _c3572
_d3572